000 00669nam a2200229 a 4500
008 951121s1989||||[C 0 slo c
020 _c17 Kčs.
_q(4000 výtl.)
040 _aSNK
_bslo
_cSNK
_eAACR2
041 1 _aslo
_hslo
044 _axo
_cSK
080 _a885.4-3
100 1 _aMarec, Anton
_4aut
245 1 0 _aKroky proti vetru
_cAnton Marec ; Marcel Dúbravec, Jozef Gális
250 _a1., vyd.
260 _aBratislava
_bSmena
_c1989
_eBratislava
_fPravda
300 _a123 s., 7,72 AH
_c19 cm
490 0 _aErb
500 _aZv., č. 50. Ilustr. na rozlož. tit. liste.
700 1 _aDúbravec, Marcel
_4bkd
700 1 _aGális, Jozef
_4bkd
958 _aA
999 _c12180
_d12180